Matemática 7: educación básica

Saved in:
Bibliografiske detaljer
Main Authors: González Lasseube, Enrique (Author), Moraga Opazo, Jaime (Author), Silva Figueroa, María Lucila (Author)
Format: Bog
Sprog:spansk
Udgivet: Santiago Santillana del Pacífico 1999
Fag:
Tags: Tilføj Tag
Ingen Tags, Vær først til at tagge denne postø!

MARC

LEADER 00000nam a2200000 a 4500
001 UCP1469
003 CL-VaPUC
008 990416e19990000CL |||||||||||||||||spa|d
082 0 4 |a 372.7  |b GON  |2 21 
100 0 |a González Lasseube, Enrique  |e author  |9 427516 
700 0 |a Moraga Opazo, Jaime  |e author  |9 427517 
700 0 |a Silva Figueroa, María Lucila  |e author  |9 427518 
245 1 0 |a Matemática 7: educación básica 
300 |a 256 p 
942 |c BK 
945 |d 19990416 00:00:00  |a rbrito 
260 |a Santiago  |b Santillana del Pacífico  |c 1999 
650 0 |a Educación básica   |9 224933 
650 0 |a Números naturales   |9 266064 
650 0 |a Fracciones  |9 316607 
650 0 |a Geometría   |9 264063 
650 0 |a Matemáticas  |x Enseñanza  |9 875527 
583 |a last modification  |c 19990416 00:00:00  |k Rodrigo Vera 
999 |c 280144  |d 280142 
952 |0 0  |1 0  |4 0  |6 372_700000000000000_GON_1999  |7 0  |8 A  |9 320174  |a BIBMAT  |b BIBMAT  |c E_DIDACT  |d 2019-11-20  |i 3511650  |o 372.7 GON 1999  |p 3511650  |r 2025-01-07  |w 2019-11-20  |y BK  |k MAT